PISA 2012 results: excellence through equity giving every student the chance to succeed
Salvato in:
| Ente Autore: | |
|---|---|
| Natura: | Libro |
| Lingua: | inglese |
| Pubblicazione: |
Paris
OECD
2013
|
| Soggetti: | |
| Tags: |
Nessun Tag, puoi essere il primo ad aggiungerne!!
|
MARC
| LEADER | 00000nam$a2200000$$$4500 | ||
|---|---|---|---|
| 001 | 0185898 | ||
| 005 | 20240315121118.5 | ||
| 020 | |a 978-92-64-20112-5 | ||
| 041 | 0 | |a eng | |
| 044 | |a FR | ||
| 245 | 1 | 0 | |a PISA 2012 results: excellence through equity |b giving every student the chance to succeed |
| 264 | 1 | |a Paris |b OECD |c 2013 | |
| 300 | |a 330 s. | ||
| 610 | 2 | 0 | |a vyučovanie |
| 610 | 2 | 0 | |a zručnosti |
| 610 | 2 | 0 | |a vedomosti |
| 610 | 2 | 0 | |a študenti |
| 610 | 2 | 0 | |a kvalita vzdelávania |
| 710 | 2 | |a Programme for International Student Assessment (OECD) | |